Biblioteka Instytutu Północnego w Olsztynie

Widok standardowy Widok MARC

Pozycja Personal Name

Liczba rekordów, w których użyto hasła: 1

001 - Numer kontrolny

  • control field: 40350

003 - Identyfikator numeru kontrolnego

  • control field: NUKAT

005 - Data i czas ostatniej modyfikacji

  • control field: 20260421121551.0

008 - Dane kontrolne kodowane (40 znaków)

  • fixed length control field: 160621n||a|znnaabn |a aaa |c

010 ## - Numer kontrolny Biblioteki Kongresu

  • numer kontrolny LC: n 2016083329

024 7# - OTHER STANDARD IDENTIFIER

  • Standard number or code: 311799257
  • Source of number or code: viaf

024 7# - OTHER STANDARD IDENTIFIER

  • Standard number or code: Q110557527
  • Source of number or code: wikidata

040 ## - Instytucja sporządzająca rekord

  • inst. przygot. dane do rek. khw: SZCZ M/HS
  • język haseł przedmiotowych/tezaurus: kaba
  • inst. wprow. rek. khw: SZCZ M/HS

100 1# - Hasło - nazwa osobowa

  • nazwa osobowa w formie ujednoliconej: Sarniewicz, Karolina.

372 ## - Field of activity

  • Field: Dziennikarstwo.
  • Auth control #: http://nukat.edu.pl/aut/s 94013191
  • Source of term: kaba

374 ## - Occupation

  • Occupation: Dziennikarki.
  • Auth control #: http://nukat.edu.pl/aut/s 2003105768
  • Source of term: kaba

375 ## - Gender

  • Gender: 2
  • Source of term: iso5218

670 ## - Źródło informacji

  • źródło informacji: Zróbmy raban! / Anna Salawa, Karolina Sarniewicz. - Kraków, 2016.

670 ## - Źródło informacji

  • źródło informacji: BNPol online
Biblioteka Instytutu Północnego, ul. Partyzantów 87, 10-402 Olsztyn, email: biblioteka(at)ip.olsztyn.pl